Estatísticas para Equipas de Portugal 2022/23 - Liga BWIN a Campeonato de Portugal

Clique aqui para jogar o quiz

Estatísticas Gerais

  • Esse quiz foi jogado 196 vezes
  • A pontuação média é 50 de 116

Estatísticas das Respostas

Answers% Correto
Benfica
99%
Braga
98%
Porto
98%
Sporting
98%
Marítimo
89%
Boavista
86%
Portimonense
85%
Belenenses
84%
Casa Pia
84%
Arouca
82%
Estoril
82%
Chaves
81%
Santa Clara
81%
Benfica B
80%
Famalicão
80%
Porto B
80%
Gil Vicente
78%
Vizela
78%
Farense
76%
Vitória de Guimarães
76%
Rio Ave
75%
Nacional
74%
Paços de Ferreira
73%
Moreirense
72%
Braga B
70%
Sporting B
70%
Feirense
67%
Académica
66%
Estrela da Amadora
66%
Tondela
66%
B SAD
65%
Vitória de Setúbal
61%
Académico de Viseu
58%
Leixões
58%
Oliveirense
54%
Penafiel
54%
Mafra
53%
Torreense
52%
União de Leiria
52%
Varzim
52%
Canelas 2010
50%
Vitória de Guimarães B
48%
Trofense
47%
Vilafranquense
45%
Alverca
44%
Caldas
44%
Olhanense
44%
Beira-Mar
43%
Fafe
43%
Lank Vilaverdense
43%
Sporting da Covilhã
43%
Amora
42%
Felgueiras
41%
Anadia
40%
Marítimo B
39%
Fontinhas
37%
Oliveira do Hospital
36%
Moncarapachense
35%
Montalegre
34%
Paredes
34%
Sanjoanense
34%
Vianense
34%
Amarante
30%
Real
30%
Salgueiros
30%
Gondomar
28%
Machico
28%
Tirsense
28%
Sintrense
27%
Bragança
26%
Camacha
26%
Leça
26%
Dumiense
25%
Lusitânia de Lourosa
25%
Oriental Dragon
25%
Pêro Pinheiro
25%
Praiense
25%
Rabo de Peixe
25%
Atlético CP
24%
Marinhense
23%
Castro Daire
22%
Sertanense
22%
Vilar de Perdizes
22%
Brito
21%
Loures
21%
Pevidém
21%
Serpa
21%
Benfica de Castelo Branco
20%
São João de Ver
20%
União de Santarém
20%
1º Dezembro
19%
Angrense
19%
Imortal
19%
Merelinense
19%
Mortágua
19%
Coruchense
18%
Fabril
18%
Rebordosa
18%
Vila Meã
18%
Guarda Desportiva
17%
Maria da Fonte
17%
Monção
17%
Alcains
16%
Alpendorada
16%
Juventude de Évora
16%
Resende
16%
Rio Maior
16%
União da Serra
16%
Valadares de Gaia
16%
Lusitano de Évora
15%
Vasco da Gama
15%
Arronches e Benfica
14%
Esperança de Lagos
14%
Ferreiras
14%
São Martinho
13%
Juventude de Pedras Salgadas
11%

Distribuição das Pontuações

Percentil de Números Respondidos

Porcentagem de Pessoas com Cada Pontuação

Sua Pontuação Histórica

Você não jogou esse quiz